000 00874nas a2200241 i 4500
001 2202
003 ES-MaACL
005 20250814013818.0
007 t|
008 950801c1912 fr | | 1 ||re d
080 _a(44)
080 _a5/6
245 0 0 _aScience et vie.
260 _aParis :
_bPhilippe Cousin,
_c1912- (
_eCorbeil :
_fImp. Créte)
300 _a87 v. :
_bgrab. ;
_c24 cm.
310 _aMensual
362 0 _aT. I (1912)-
500 _aFecha de inicio de la publicación y editor tomados de : Ulrich's international periodicals directory. 14th ed. 1971-72.
650 1 7 _aCiencias
_2embne
_910971
852 _aES-MaACL
_jHEM-H-148
_xHem-1184
_d
866 0 _o(1948f.ene.y may.y ago.y nov.)(1949f.ene.y mar.-abr.y jun.)1950-54,1963-64(1965)1966-99(2000 f.feb-nov.)2001-03(2004 f. mar.,jun.,ag.-sep.)(2005 f. nov.).
999 _c2202
_d2202